Дело о увольнении бузулукского городничего Воинова и об определении на его место Черникова-Анучина

Доступно только в Электронных читальных залах Найти на картеНа карте
RUSMARC
00003568nmc2a2200000 x 450
0010454811e-ae80-4bef-9d2b-37a869553e2a
00520160628153025.0
100##$a20151111l18381841k l0rusy0189 ca
1010#$arus
102##$aRU
2001#$aДело о увольнении бузулукского городничего Воинова и об определении на его место Черникова-Анучина
$j10 ноября 1838 г. - 17 октября 1841 г.
251##$cДело
300##$aДело
801#0$aRU
$bРГИА
$c20151111
$gRCR
801#1$aRU
$bГлавНИВЦ
$c20151111
$2rusmarc
801#2$aRU
$bПБ им. Б.Н. Ельцина
$c20160628
$gRCR
$2rusmarc
850##$aРГИА
852##$aРГИА
$eФедеральное казенное учреждение "Российский государственный исторический архив" (РГИА)
$j571
937##$hРГИА
$d12181148
$aASBIBLIO_SCAN
461#0$10013e300ed0-cd39-49af-8489-5ba5b90fa401
$12001
$aДепартамент полиции исполнительной МВД
$1251
$cФонд
$1852
$j1286
215##$a31 л.
$d36,5х26 см
371##$aДокумент не является опубликованным и широко распространяемым
105##$ay###
1222#$ad
462#0$1001838cd2c2-41d6-4468-a662-5bbcde766a32
$12001
$a1838-1840 гг. Дела Департамента полиции исполнительной МВД за 1838 г.
$1251
$cОпись
$1852
$j7
$l1838 г.
035##$a0454811e-ae80-4bef-9d2b-37a869553e2a
Формат отображения